Countries with Leopards - Statistics

General Stats
  • This quiz has been taken 425 times
    394 since last reset
  • The average score is 47 of 60
Answer Stats
Leopard Country % Correct
South Africa
94%
Democratic Republic of the Congo
93%
India
93%
Kenya
92%
Republic of the Congo
90%
Sudan
90%
Angola
89%
Niger
89%
South Sudan
89%
Tanzania
89%
Zimbabwe
89%
Nigeria
88%
Zambia
88%
Ethiopia
87%
China
86%
Egypt
86%
Mozambique
85%
Botswana
84%
Chad
84%
Mali
83%
Namibia
83%
Somalia
83%
Cameroon
82%
Eritrea
82%
Rwanda
82%
Burundi
81%
Ghana
81%
Uganda
81%
Gabon
80%
Benin
79%
Iran
79%
Senegal
79%
Malawi
78%
Russia
78%
Central African Republic
77%
Guinea
77%
Swaziland
77%
Iraq
76%
Mauritania
76%
Morocco
76%
Togo
76%
Afghanistan
75%
Saudi Arabia
75%
Turkey
73%
Djibouti
72%
Guinea-Bissau
72%
Liberia
72%
Ivory Coast
71%
Burkina Faso
70%
Indonesia
70%
Oman
70%
Yemen
70%
Sierra Leone
65%
Armenia
61%
Azerbaijan
61%
Myanmar
61%
Georgia
57%
Uzbekistan
56%
Turkmenistan
55%
Sri Lanka
53%
No matching quizzes found
Score Distribution
Percent of People with Each Score
Percentile by Number Answered
Your Score History
You have not taken this quiz since the last reset